عرض عادي
عرض مارك
- Conservation of natural resources
مدخل مصطلح موضوعي
001 - رقم الضبط
- حقل الضبط: 116064
003 - معرف رقم الضبط
- حقل الضبط: OSt
005 - تاريخ ووقت أخر عملية
- حقل الضبط: 20230109103730.0
008 - عناصر بيانات ثابتة الطول
- حقل تحكم ثابت الطول: 230109|| aca||aabn | a|a d
040 ## - مصدر الفهرسة
- هيئة الفهرسة الأصلية: OSt
- وكالة الكتابة: OSt
150 ## - مدخل-- مصطلح تاريخي
- عنصر مدخل المصطلح الموضوعي او الاسم الجغرافي: Conservation of natural resources
670 ## - بيانات المصدر موجوده
- الاستشهاد بالمصدر: Work cat.: (OSt)0: Mulligan, Catherine N., author 116062, Sustainable engineering :
